Harry Potter: le Retourneur de Temps - Statistiques

Statistiques générales
  • Ce quiz a été pris 145 fois
  • Le résultat moyen est 6 sur 11
Statistiques - réponses
Information Réponse % Correct
Propriétaire Hermione Granger
98%
Première apparition Harry Potter et le prisonnier d'Azkaban
97%
Utilisation Revenir dans le passé
81%
Derniere apparition Harry Potter et le Prince de Sang-Mêlé
76%
Raison pour laquelle Hermione en utilise un Pour assister à tout ses cours
72%
Nombre d'heures qu'Hermione et Harry retournent dans le 3 3 heures
59%
Forme Sablier
46%
Propriétaire Ministère de la Magie
26%
Date de destruction de tout les retourneurs de temps du ministere Bataille du département des mystères
23%
Temps à partir duquel retourner le retourneur de temps devient dangereux 5 heures
21%
Propriétaire Théodore Nott
5%
Aucun quiz correspondant
Distribution des résultats
% des personnes avec chaque résultat
Percentile par nombre de réponses
Votre historique - résultats
Vous n’avez pas pris ce quiz